[Event "Titled Tuesday intern op 18th Apr Late"]
[Site "Chess.com INT"]
[Date "2023.04.18"]
[Round "2"]
[White "Bruedigam, Martin"]
[Black "Ng, Gary"]
[Result "1-0"]
[WhiteElo "2378"]
[BlackElo "2213"]
[PlyCount "67"]
[EventDate "2023.04.18"]
[EventType "swiss (blitz)"]
[EventRounds "11"]
[EventCountry "USA"]
[SourceTitle "EXT 2024"]
[Source "ChessBase"]
[SourceDate "2023.10.10"]
[SourceVersion "1"]
[SourceVersionDate "2023.10.10"]
[SourceQuality "1"]

1. d4 Nf6 2. c4 e6 3. Nc3 Bb4 4. Bd2 0-0 5. e3 d5 6. Nf3 c5 7. Bd3 dxc4 8. Bxc4 b6 9. a3 Ba5 10. dxc5 bxc5 11. Qe2 Bb7 12. Rd1 Qe7 13. 0-0 Nc6 14. Rc1 Rfd8 15. Rfd1 Rd7 16. Be1 Rad8 17. Rxd7 Rxd7 18. Bb5 Bc7 19. Na4 Ne4 20. Ba6 Bd6 21. Bxb7 Rxb7 22. Qc2 f5 23. b4 Nd8 24. bxc5 Bb8 25. Ba5 Nc6 26. Bc3 Nxc3 27. Qxc3 Qc7 28. g3 Ne7 29. Nd4 Qe5 30. Qc4 Nd5 31. c6 Qc7 32. cxb7 Qxb7 33. Qc8+ Qxc8 34. Rxc8+ 1-0

[Event "Titled Tuesday intern op 18th Apr Late"]
[Site "Chess.com INT"]
[Date "2023.04.18"]
[Round "6"]
[White "Erzhanov, Arman"]
[Black "Ng, Gary"]
[Result "1-0"]
[WhiteElo "2228"]
[BlackElo "2213"]
[PlyCount "67"]
[EventDate "2023.04.18"]
[EventType "swiss (blitz)"]
[EventRounds "11"]
[EventCountry "USA"]
[SourceTitle "EXT 2024"]
[Source "ChessBase"]
[SourceDate "2023.10.10"]
[SourceVersion "1"]
[SourceVersionDate "2023.10.10"]
[SourceQuality "1"]

1. e4 b6 2. d4 Bb7 3. Bd3 Nf6 4. Qe2 Nc6 5. c3 e5 6. Nf3 exd4 7. Nxd4 Be7 8. Nf5 0-0 9. 0-0 Re8 10. Bg5 Ne5 11. Bc2 d5 12. f4 Ng6 13. e5 Ne4 14. Nxe7+ Nxe7 15. Nd2 Nxg5 16. fxg5 Ng6 17. Nf3 Qe7 18. Rae1 Rad8 19. h4 Qc5+ 20. Kh2 Qa5 21. Qd2 Ba6 22. Rf2 Qc5 23. h5 Nf8 24. Nd4 Ne6 25. Bxh7+ Kxh7 26. Rxf7 Nxd4 27. g6+ Kg8 28. cxd4 Qa5 29. b4 Qa3 30. Re3 Qa4 31. h6 Rf8 32. Rxg7+ Kh8 33. Rxc7 Rg8 34. Rh7# 1-0

[Event "Titled Tuesday intern op 18th Apr Late"]
[Site "Chess.com INT"]
[Date "2023.04.18"]
[Round "10"]
[White "Meunier Pion, Jean"]
[Black "Ng, Gary"]
[Result "1-0"]
[WhiteElo "2215"]
[BlackElo "2213"]
[PlyCount "65"]
[EventDate "2023.04.18"]
[EventType "swiss (blitz)"]
[EventRounds "11"]
[EventCountry "USA"]
[SourceTitle "EXT 2024"]
[Source "ChessBase"]
[SourceDate "2023.10.10"]
[SourceVersion "1"]
[SourceVersionDate "2023.10.10"]
[SourceQuality "1"]

1. d4 Nf6 2. c4 e6 3. g3 d5 4. Bg2 Be7 5. Nf3 0-0 6. 0-0 c5 7. cxd5 Nxd5 8. e4 Nb4 9. a3 N4c6 10. d5 exd5 11. exd5 Na5 12. Bf4 Bd6 13. Bxd6 Qxd6 14. Qa4 b6 15. Nc3 Bd7 16. Qh4 h6 17. Rad1 Re8 18. Ne4 Qg6 19. Rfe1 Na6 20. Nfd2 Nc7 21. b4 cxb4 22. axb4 Nb7 23. Nc4 Nb5 24. Qf4 f5 25. Ned2 Nc3 26. Rc1 Ne2+ 27. Rxe2 Rxe2 28. d6 Rb8 29. Bxb7 Rxb7 30. Qf3 Rxd2 31. Qxb7 Rxd6 32. Qb8+ Kh7 33. Qxd6 1-0

[Event "Titled Tuesday intern op 18th Apr Late"]
[Site "Chess.com INT"]
[Date "2023.04.18"]
[Round "1"]
[White "Ng, Gary"]
[Black "Averjanov, Alexey"]
[Result "1/2-1/2"]
[WhiteElo "2213"]
[BlackElo "2399"]
[PlyCount "172"]
[EventDate "2023.04.18"]
[EventType "swiss (blitz)"]
[EventRounds "11"]
[EventCountry "USA"]
[SourceTitle "EXT 2024"]
[Source "ChessBase"]
[SourceDate "2023.10.10"]
[SourceVersion "1"]
[SourceVersionDate "2023.10.10"]
[SourceQuality "1"]

1. d4 d5 2. Bf4 Nf6 3. e3 e6 4. Nd2 c5 5. c3 Bd6 6. Bg3 Qc7 7. Ngf3 Nbd7 8. Ne5 Nxe5 9. dxe5 Bxe5 10. Bb5+ Bd7 11. Bxd7+ Nxd7 12. Qg4 0-0 13. Nf3 Bd6 14. Rd1 Ne5 15. Qh5 Nxf3+ 16. gxf3 Rad8 17. Rg1 Bxg3 18. Rxg3 g6 19. Qh6 Qe5 20. h4 Qg7 21. Qf4 e5 22. Qa4 a6 23. h5 f5 24. hxg6 hxg6 25. Qh4 Kf7 26. f4 Rh8 27. Qg5 e4 28. Ke2 Qf6 29. Rdg1 Qxg5 30. Rxg5 Rh6 31. Rd1 Kf6 32. Rg2 b5 33. Rd2 Rh1 34. Rd1 Rxd1 35. Kxd1 Rh8 36. Rg1 Rh5 37. Ke2 g5 38. fxg5+ Rxg5 39. Rd1 Ke5 40. Rh1 Rg6 41. Rh8 Re6 42. Rf8 Rf6 43. Re8+ Kd6 44. Ra8 Kc7 45. Ra7+ Kb6 46. Rd7 Kc6 47. Ra7 Kb6 48. Rd7 d4 49. cxd4 cxd4 50. Rxd4 Kc5 51. b4+ Kc6 52. Rd8 Rd6 53. Rc8+ Kd5 54. Rc5+ Ke6 55. a4 bxa4 56. Ra5 Rb6 57. Rxa4 Kf6 58. Kd2 Kg5 59. Ke2 Kg4 60. Ke1 Kf3 61. Ra5 Kg4 62. Ra4 f4 63. exf4 Kxf4 64. Ke2 Rc6 65. Ra2 Rb6 66. Ra4 Rc6 67. Ra2 Rh6 68. Rb2 Rb6 69. Ra2 Ke5 70. Ra5+ Kd4 71. Ra2 Kc4 72. Rc2+ Kxb4 73. Ke3 Re6 74. Rb2+ Ka4 75. Ra2+ Kb5 76. f4 exf3+ 77. Kxf3 a5 78. Kf4 Re8 79. Kf3 a4 80. Re2 Kb4 81. Rxe8 a3 82. Rb8+ Kc3 83. Ke2 a2 84. Ra8 Kb2 85. Kd2 a1Q 86. Rxa1 Kxa1 1/2-1/2

[Event "Titled Tuesday intern op 18th Apr Late"]
[Site "Chess.com INT"]
[Date "2023.04.18"]
[Round "9"]
[White "Ng, Gary"]
[Black "Broca Jimenez, Fernando"]
[Result "1-0"]
[WhiteElo "2213"]
[BlackElo "2075"]
[PlyCount "81"]
[EventDate "2023.04.18"]
[EventType "swiss (blitz)"]
[EventRounds "11"]
[EventCountry "USA"]
[SourceTitle "EXT 2024"]
[Source "ChessBase"]
[SourceDate "2023.10.10"]
[SourceVersion "1"]
[SourceVersionDate "2023.10.10"]
[SourceQuality "1"]

1. d4 g6 2. Be3 Bg7 3. Nc3 Nf6 4. h4 0-0 5. f3 d6 6. Qd2 e5 7. d5 Nh5 8. g4 Ng3 9. Rh3 Nxf1 10. Kxf1 f5 11. Bg5 Bf6 12. gxf5 Bxf5 13. Rg3 Bxg5 14. hxg5 c5 15. dxc6 Nxc6 16. Rd1 Nd4 17. e3 Ne6 18. e4 Nd4 19. exf5 Rxf5 20. Nce2 Ne6 21. Qxd6 Qe8 22. Qd7 Nc5 23. Qxe8+ Rxe8 24. Kg2 e4 25. fxe4 Nxe4 26. Rg4 Nxg5 27. Ng3 Rfe5 28. Nf3 Nxf3 29. Kxf3 Rf8+ 30. Rf4 Rfe8 31. Rd7 Re3+ 32. Kf2 R8e7 33. Rxe7 Rxe7 34. Ne4 Kg7 35. Nc3 g5 36. Rc4 Rf7+ 37. Kg3 h5 38. Rc5 Kg6 39. Ne4 h4+ 40. Kg2 Rf3 41. Kxf3 1-0

[Event "Titled Tuesday intern op 18th Apr Early"]
[Site "Chess.com INT"]
[Date "2023.04.18"]
[Round "6"]
[White "Ng, Gary"]
[Black "Hartikainen, Jarmo"]
[Result "1-0"]
[WhiteElo "2213"]
[BlackElo "2108"]
[PlyCount "41"]
[EventDate "2023.04.18"]
[EventType "swiss (blitz)"]
[EventRounds "11"]
[EventCountry "USA"]
[SourceTitle "EXT 2024"]
[Source "ChessBase"]
[SourceDate "2023.10.10"]
[SourceVersion "1"]
[SourceVersionDate "2023.10.10"]
[SourceQuality "1"]

1. d4 Nf6 2. Bf4 d5 3. e3 Bf5 4. c4 e6 5. Nc3 c6 6. Qb3 Qb6 7. c5 Qxb3 8. axb3 Nbd7 9. b4 Be7 10. b5 0-0 11. bxc6 bxc6 12. Ba6 e5 13. Bg3 exd4 14. exd4 Rae8 15. Nge2 Bxc5 16. dxc5 Nxc5 17. Bd6 Nxa6 18. Rxa6 Bd3 19. Rxa7 Rxe2+ 20. Nxe2 Re8 21. Re7 1-0

[Event "Titled Tuesday intern op 18th Apr Early"]
[Site "Chess.com INT"]
[Date "2023.04.18"]
[Round "8"]
[White "Ng, Gary"]
[Black "Osiecki, Stanislaw"]
[Result "1-0"]
[WhiteElo "2213"]
[BlackElo "2055"]
[PlyCount "103"]
[EventDate "2023.04.18"]
[EventType "swiss (blitz)"]
[EventRounds "11"]
[EventCountry "USA"]
[SourceTitle "EXT 2024"]
[Source "ChessBase"]
[SourceDate "2023.10.10"]
[SourceVersion "1"]
[SourceVersionDate "2023.10.10"]
[SourceQuality "1"]

1. d4 Nf6 2. Bf4 d6 3. Nc3 g6 4. e4 Bg7 5. Qd2 0-0 6. Bh6 e5 7. d5 Ng4 8. Bxg7 Kxg7 9. f3 Nf6 10. h4 Nh5 11. Nge2 Qf6 12. 0-0-0 Nf4 13. g3 Nxe2+ 14. Qxe2 b6 15. h5 g5 16. h6+ Kh8 17. Bh3 Bxh3 18. Rxh3 Rg8 19. g4 Rg6 20. Rdh1 Nd7 21. Nd1 Rc8 22. Ne3 a5 23. Nf5 Nc5 24. Qb5 a4 25. Qc6 Qd8 26. Re1 Rb8 27. Qb5 Qe8 28. Qb4 b5 29. Re3 Qd8 30. a3 Qf6 31. Rh1 Qd8 32. Rc3 Qd7 33. Rd1 Na6 34. Qa5 Nc5 35. Qa7 Qd8 36. Qa5 Rb6 37. b4 axb3 38. cxb3 Ra6 39. Qb4 Qa8 40. Kb2 Rb6 41. Rdc1 Na6 42. Qa5 Qb7 43. Rc6 Rg8 44. Rxb6 cxb6 45. Qc3 Qd7 46. Qc6 Qd8 47. Nxd6 Rf8 48. Nxb5 Nc5 49. Rxc5 bxc5 50. Qxc5 Qb8 51. d6 Rc8 52. Qxe5+ 1-0